Statistics for Countries By Famous Building #1

Click here to take the quiz!

General Stats

  • This quiz has been taken 53 times
  • The average score is 7 of 10

Answer Stats

Answer% Correct
France
100%
Canada
96%
Malaysia
87%
China
85%
Japan
85%
Turkey
83%
Saudi Arabia
54%
Thailand
30%
Sweden
28%
Panama
20%

Score Distribution

Percentile by Number Answered

Percent of People with Each Score

Your Score History

You have not taken this quiz